000 00568nam a22001817a 4500
999 _c61216
_d61216
005 20240108171002.0
008 240108s1996 ru ||||| |||| 00| 0 rus d
020 _a5751903757
041 _arus
080 _a902/904 M-75
100 _aМолони, Нора
_920965
245 _aАрхеология /
_cНора Молони.
264 _aМосква,
_bРосмэн,
_c1996.
300 _a160 с.
_bил.:
_c28 см.
440 _aОксфордская библиотека
_920966
653 _aარქეოლოგია
942 _2udc
_cᲬᲘᲒᲜᲘ